000 00410cam a2200157ua 4500
020 _a81-204-0706-7
041 _aeng
_h
082 _a664.0284
_bARU/DR
100 _aArun S Majumdar, .
245 _aDrying of solids /
_cArun S Majumdar.
_hTextual Documents
260 _aNew Delhi :
_bOxford & IBH Publishing company ,
_c1992.
300 _a529 ; .
504 _a
942 _cBK
999 _c11349
_d11349